Indices de las publicaciones de Real Academia Gallega, Universidad Compostelana, Instituto "Padre Sarmiento" de Estudios Gallegos, Comisión de numentos de Orense, Comisión Arqueológica de Orense, el Museo de Pontevedra / (Record no. 150731)

MARC details
000 -LEADER
campo de control de longitud fija 01072nam a2200193 i 4500
001 - NÚMERO DE CONTROL
campo de control 150731
003 - IDENTIFICADOR DE NÚMERO DE CONTROL
campo de control ES-MaACL
007 - CAMPO FIJO DE DESCRIPCIÓN FÍSICA--INFORMACIÓN GENERAL
campo de control de longitud fija t|
008 - DATOS DE LONGITUD FIJA--INFORMACIÓN GENERAL
campo de control de longitud fija 071107s1949 cu ||||1| spa d
100 1# - ENTRADA PRINCIPAL--NOMBRE DE PERSONA
Nombre de persona Campo de la Fuente, Antonio de.
9 (RLIN) 34209
245 10 - MENCIÓN DEL TÍTULO
Título Indices de las publicaciones de Real Academia Gallega, Universidad Compostelana, Instituto "Padre Sarmiento" de Estudios Gallegos, Comisión de numentos de Orense, Comisión Arqueológica de Orense, el Museo de Pontevedra /
Mención de responsabilidad, etc. recopilados por Antonio de Campo de la Fuente.
260 ## - PUBLICACIÓN, DISTRIBUCIÓN, ETC.
Lugar de publicación, distribución, etc. La Habana :
Nombre del editor, distribuidor, etc. [s.n.,
Fecha de publicación, distribución, etc. 1949] (
Fabricante Imp. Pérez Sierra)
300 ## - DESCRIPCIÓN FÍSICA
Extensión 234 p. ;
Dimensiones 26 cm.
500 ## - NOTA GENERAL
Nota general Precede al tít.: Exposición Cultural Gallega. Asociación Iniciadora y Protectora de la Real Academia Gallega. Salones del Centro Gallego de La Habana, enero de 1949.
610 27 - PUNTO DE ACCESO ADICIONAL DE MATERIA--NOMBRE DE ENTIDAD CORPORATIVA
Nombre de entidad corporativa o nombre de jurisdicción como elemento de entrada Real Academia Gallega-
Subdivisión general Publicaciones-
Subdivisión de forma Catálogos.
9 (RLIN) 6342
710 2# - ENTRADA AGREGADA--NOMBRE DE ENTIDAD CORPORATIVA
Nombre de entidad corporativa o nombre de jurisdicción como elemento de entrada Asociación Iniciadora y Protectora de la Real Academia Gallega.
9 (RLIN) 1723
711 2# - ENTRADA AGREGADA--NOMBRE DE REUNIÓN
Nombre de congreso/reunión o jurisdicción como elemento de entrada Exposición Cultural Gallega (
Fecha del congreso o de la firma del tratado 1949.
Sede del congreso/Lugar de la reunión La Habana)
9 (RLIN) 666
852 ## - LOCALIZACIÓN
Ubicación ES-MaACL
Número de control de estantería B-8736
Sublocalización o colección R.26863
Holdings
Estatus retirado Estado de pérdida Estado de daño No para préstamo Biblioteca de origen Biblioteca actual Ubicación en estantería Fecha de adquisición Fuente de adquisición Total de préstamos Signatura topográfica completa Código de barras Visto por última vez Precio de reemplazo Tipo de ítem Koha
        Biblioteca del Ateneo de Madrid Biblioteca del Ateneo de Madrid Sala Pardo Bazán 17/01/2008     B-8736 1157280 23/02/2023 23/02/2023 Libro impreso